Leis penais especiais : (Record no. 869)

MARC details
000 -LÍDER
Campo Fixo de Controle 01088nam a2200277 a 4500
001 - NÚMERO DE CONTROLE
Campo de Controle 869
003 - IDENTIFICAÇÃO DO NÚMERO DE CONTROLE
Campo de Controle BR-CuiBMT
005 - DATA E HORA DA ÚLTIMA ATUALIZAÇÃO
Campo de Controle 20231212143432.0
008 - DADOS FIXOS
Dados Fixos 231121s2015 bab 000 0 por d
020 ## - INTERNATIONAL STANDARD BOOK NUMBER
Nº do ISBN 8544202608
040 ## - AGÊNCIA CATALOGADORA
Código da Agência Catalogadora BR-CuiBMT
Agência que transcreveu o registro BR-CuiBMT
080 ## - Nº DA CLASSIFICAÇÃO DECIMAL UNIVERSAL
Nº Class. CDU 343.2
Subd. Auxiliar Comum (094.9)
-- (079.1)
Nº edição CDU 2007
090 ## - NÚMERO DE CHAMADA
Nº classificação 343.2(094.9)(079.1)
Cutter H116l
Ano/Edição 7. ed.
100 1# - ENTRADA PRINCIPAL -- AUTOR PESSOAL
Nome pessoal Habib, Gabriel
245 10 - TÍTULO PRINCIPAL
Título principal Leis penais especiais :
Subtítulo Leis nº 4.898/1965; 8.137/1990; 8.072/1990; 8.666/1993; 9.455/1997; 9.613/1998; 10.028/2000; 10.827/2003 /
Indicação de responsabilidade Gabriel Habib.
250 ## - EDIÇÃO
Edição 7. ed., rev., ampl. e atual.
260 ## - PUBLICAÇÃO, DISTRIBUIÇÃO, ETC.
Local de publicação Salvador :
Editora JusPODIVM,
Data 2015.
300 ## - DESCRIÇÃO FÍSICA
N. páginas ou volumes 395 p. ;
Dimensões 21 cm
490 1# - INDICAÇÃO DE SÉRIE
Título da série Coleção leis especiais para concursos ;
Volume/designação sequencial da série v. 12
500 ## - NOTAS GERAIS
Notas gerais Dicas para realização de provas de concursos artigo por artigo.
500 ## - NOTAS GERAIS
Notas gerais Atualizado de acordo com os informativos e acórdãos do STF/STJ de 2013 e 2014.
650 ## - ASSUNTO TÓPICO
Cabeçalho tópico ou nome geográfico Direito penal
Subdivisão de forma Legislação
Subdivisão geográfica Brasil
650 ## - ASSUNTO TÓPICO
Cabeçalho tópico ou nome geográfico Direito penal
Subdivisão geral Problemas, questões, exercícios
830 #0 - ENTRADA SECUNDÁRIA DE SÉRIE -- TÍTULO UNIFORME
Título uniforme Leis especiais para concursos ;
Nº do volume/designação sequencial da série 12
942 ## - ELEMENTOS DE ENTRADA ADICIONAIS (KOHA)
Fonte de classificação ou esquema de arquivamento Classificação Decimal Universal
Tipo de item do Koha Livros
Holdings
Estado: removido Estado: perdido Fonte de classificação ou esquema de arquivamento Estado: danificado Indisponível para empréstimo Localização permanente Localização atual Data de aquisição Total Checkouts Número de Chamada completo Código de barras Date last seen Número do exemplar Preço efetivo a partir de Tipo de item (Koha)
    Classificação Decimal Universal     Biblioteca da Escola Superior de Contas do TCE/MT Biblioteca da Escola Superior de Contas do TCE/MT 21/11/2023   343.2(094.9)(079.1) H116l 7. ed. BIBTCEMT23110814 21/11/2023 Ex. 1 21/11/2023 Livros

Powered by Koha